[Event "C.to Italiano U14"]
[Site "Montesilvano ITA"]
[Date "2015.07.03"]
[Round "6"]
[White "Di Benedetto, Edoardo"]
[Black "Sonis, Francesco"]
[WhiteElo "2231"]
[BlackElo "2241"]
[Result "0-1"]
[PlyCount "103"]
[EventDate "2015.06.29"]

1. e4 e5 2. Nf3 Nc6 3. Bb5 a6 4. Ba4 Nf6 5. O-O Be7 6. Bxc6 dxc6 7. d3 Nd7 8.
b3 O-O 9. Bb2 f6 10. Re1 c5 11. Nbd2 Nb8 12. Nf1 Nc6 13. Ng3 Be6 14. Nd2 Qd7
15. Ndf1 Rfd8 16. Ne3 g6 17. Ne2 Bf8 18. Nc3 Bg7 19. Ncd5 f5 20. c4 f4 21. Nf1
Qd6 22. Qd2 a5 23. Red1 Nd4 24. f3 g5 25. Bxd4 cxd4 26. a3 Bf8 27. Nf6+ Kg7 28.
Ng4 h5 29. Nf2 Qd7 30. Qe2 Bd6 31. h3 Qe7 32. Qb2 Rh8 33. Nh2 b5 34. Rdc1 Rhb8
35. Qa2 a4 36. b4 c5 37. bxc5 Bxc5 38. Rcb1 bxc4 39. dxc4 d3 40. Kh1 Bd4 41.
Nxd3 Bxa1 42. Rxb8 Rxb8 43. Qxa1 Qf6 44. c5 Bc4 45. Nb4 Rc8 46. c6 Bb5 47. Nd5
Qd6 48. c7 Bc4 49. Nc3 Rxc7 50. Nxa4 Bb3 51. Nb2 Rc2 52. Nd3 0-1

[Event "C.to Italiano U14"]
[Site "Montesilvano ITA"]
[Date "2015.07.03"]
[Round "6"]
[White "Esposti, Federico"]
[Black "Savalla, Gianluca"]
[WhiteElo "1888"]
[BlackElo "1812"]
[Result "1-0"]
[PlyCount "45"]
[EventDate "2015.06.29"]

1. e4 d5 2. exd5 Qxd5 3. Nc3 Qd6 4. Bc4 Nf6 5. d4 a6 6. Bb3 e6 7. Nge2 b5 8.
Bf4 Qb6 9. d5 Bc5 10. O-O Bb7 11. Bg5 Nbd7 12. dxe6 fxe6 13. Nf4 e5 14. Ne6 Qc6
15. Nd5 Rc8 16. Nxg7+ Kf8 17. Ne6+ Ke8 18. Bxf6 Nxf6 19. Nxf6+ Ke7 20. Nd5+ Ke8
21. Qh5+ Kd7 22. Qf7+ Kd6 23. Qe7# 1-0

[Event "C.to Italiano U14"]
[Site "Montesilvano ITA"]
[Date "2015.07.03"]
[Round "6"]
[White "Iannello, Andrea"]
[Black "Corona, Rafaele"]
[WhiteElo "1985"]
[BlackElo "1844"]
[Result "0-1"]
[PlyCount "94"]
[EventDate "2015.06.29"]

1. e4 d5 2. exd5 Qxd5 3. Nc3 Qa5 4. d4 Nf6 5. Nf3 Bf5 6. Bc4 e6 7. Bd2 Bb4 8.
a3 Bxc3 9. Bxc3 Qb6 10. Qe2 O-O 11. Bb4 Re8 12. O-O Nbd7 13. Rfe1 c5 14. dxc5
Nxc5 15. Bc3 Nce4 16. Bd4 Qc7 17. h3 e5 18. Be3 a6 19. a4 Rac8 20. Bd3 Nd6 21.
Bxf5 Nxf5 22. c3 Nd5 23. Nd2 Nfxe3 24. fxe3 Qb6 25. Nf3 f5 26. Rad1 Nf6 27. Kh1
Ne4 28. Kh2 Qg6 29. Rf1 Rc6 30. Qe1 f4 31. Rd5 Rce6 32. exf4 exf4 33. Qh4 Ng3
34. Rfd1 Qe4 35. R5d4 Qe2 36. Qxf4 Nf1+ 37. Kg1 Ne3 38. R1d2 Qf1+ 39. Kh2 Rg6
40. Nh4 Rf6 41. Qg3 Qc1 42. Rf2 Nf1+ 43. Rxf1 Rxf1 44. Qg4 Rh1+ 45. Kg3 Qe1+
46. Kf4 Qe3+ 47. Kf5 Rf8# 0-1

[Event "C.to Italiano U14"]
[Site "Montesilvano ITA"]
[Date "2015.07.03"]
[Round "6"]
[White "Lavorgna, Francesco"]
[Black "Botta, Massimiliano"]
[WhiteElo "1686"]
[BlackElo "2031"]
[Result "0-1"]
[PlyCount "91"]
[EventDate "2015.06.29"]

1. Nf3 Nf6 2. e3 g6 3. b3 Bg7 4. Bb2 O-O 5. Be2 c5 6. O-O Nc6 7. d4 cxd4 8.
Nxd4 d6 9. Bf3 Bd7 10. c4 Qc7 11. Nd2 Rfc8 12. a3 Be8 13. Rc1 Nd7 14. Nb5 Qb6
15. Bxg7 Kxg7 16. Qc2 Nce5 17. Qb2 Kg8 18. Qd4 Nxf3+ 19. Nxf3 Nc5 20. Qh4 Nxb3
21. Rb1 Bxb5 22. cxb5 Na5 23. Qxe7 Rc7 24. Qf6 Rac8 25. Ng5 Nc4 26. Rb4 d5 27.
Qxb6 Nxb6 28. Rd4 Rc2 29. e4 R2c4 30. Rxc4 dxc4 31. Rc1 Rc5 32. f4 Rxb5 33. e5
Rb3 34. a4 Ra3 35. Ne4 Rxa4 36. Nc5 Rb4 37. Nxb7 Nd5 38. Nd6 Nxf4 39. Rxc4 Rb1+
40. Kf2 Nd3+ 41. Ke3 Nxe5 42. Ra4 Rb2 43. g3 Nc6 44. Ra6 Rb6 45. Ra4 a5 46. Rd4
0-1

[Event "C.to Italiano U14"]
[Site "Montesilvano ITA"]
[Date "2015.07.03"]
[Round "6"]
[White "Palozza, Christian"]
[Black "Orfini, Nicolo'"]
[WhiteElo "1971"]
[BlackElo "1964"]
[Result "0-1"]
[PlyCount "80"]
[EventDate "2015.06.29"]

1. d4 d6 2. e4 Nf6 3. Nc3 g6 4. g3 Bg7 5. Bg2 c6 6. a4 a5 7. Nge2 Qc7 8. O-O
O-O 9. h3 Nbd7 10. Be3 e5 11. f4 exd4 12. Bxd4 Re8 13. Kh1 b6 14. g4 Ba6 15.
Re1 Rad8 16. Ng3 Nc5 17. g5 Nfd7 18. Bxg7 Kxg7 19. Qd4+ Kg8 20. h4 Ne6 21. Qf2
Ng7 22. Bf3 Rf8 23. f5 Ne5 24. h5 Bc8 25. Rg1 Ne8 26. f6 Qd7 27. Rg2 Nc7 28.
Be2 Ba6 29. Bxa6 Nxa6 30. Nce2 Nc5 31. Nf4 Qc7 32. c3 Qd7 33. Nf1 Nxe4 34. Qc2
Qf5 35. Ne2 d5 36. Nd4 Qh3+ 37. Rh2 Qg4 38. Rg2 Qxh5+ 39. Kg1 c5 40. Ne2 Nf3#
0-1

[Event "C.to Italiano U14"]
[Site "Montesilvano ITA"]
[Date "2015.07.03"]
[Round "7"]
[White "Botta, Massimiliano"]
[Black "Colombo, Roberto"]
[WhiteElo "2031"]
[BlackElo "1873"]
[Result "0-1"]
[PlyCount "106"]
[EventDate "2015.06.29"]

1. e4 c5 2. Nf3 e6 3. Nc3 Nc6 4. Bb5 Nge7 5. O-O a6 6. Bxc6 Nxc6 7. d4 cxd4 8.
Nxd4 Be7 9. Be3 Qc7 10. f4 b5 11. Qg4 O-O 12. Rf3 Nxd4 13. Bxd4 f6 14. Qh5 Rf7
15. Raf1 Bb7 16. a3 Rc8 17. b4 Qc4 18. Rd3 g6 19. Qg4 f5 20. exf5 Rxf5 21. Qe2
Rcf8 22. Qd2 g5 23. Rg3 Bd6 24. Rf2 h6 25. Ne2 Qc7 26. fxg5 Bxg3 27. Nxg3 Rxg5
28. Rxf8+ Kxf8 29. Qf2+ Ke8 30. Qf6 Rg8 31. Bc5 Qd8 32. Qxh6 Qg5 33. Qxg5 Rxg5
34. Kf2 Kf7 35. h4 Rg4 36. h5 Rc4 37. Ne2 Rxc2 38. g4 Kf6 39. Be3 Be4 40. Ke1
Ra2 41. g5+ Kf7 42. g6+ Bxg6 43. hxg6+ Kxg6 44. Bc1 e5 45. Kd1 d5 46. Nc3 Rh2
47. Nxd5 Kf5 48. Nc7 Ke4 49. Nxa6 Kd4 50. Nc7 Kd3 51. Ke1 Rh1+ 52. Kf2 Rxc1 53.
Nxb5 e4 0-1

[Event "C.to Italiano U14"]
[Site "Montesilvano ITA"]
[Date "2015.07.03"]
[Round "7"]
[White "Corona, Rafaele"]
[Black "Wang, Cesare"]
[WhiteElo "1844"]
[BlackElo "1920"]
[Result "0-1"]
[PlyCount "70"]
[EventDate "2015.06.29"]

1. d4 d5 2. Bf4 Nf6 3. e3 c6 4. c4 e6 5. Nc3 Bd6 6. Bxd6 Qxd6 7. c5 Qe7 8. f4
O-O 9. Nf3 Nfd7 10. e4 b6 11. b4 a5 12. a3 Ba6 13. Bxa6 Nxa6 14. Rb1 Rfb8 15.
O-O axb4 16. axb4 bxc5 17. bxc5 Rxb1 18. Nxb1 dxe4 19. Ng5 f5 20. Qb3 Re8 21.
Qa4 Ndb8 22. Nd2 h6 23. Nh3 Qd7 24. Qc4 Nc7 25. Kf2 Nb5 26. Ke3 Rd8 27. Nb3 Na6
28. Ra1 Nac7 29. Rc1 Nd5+ 30. Ke2 Qf7 31. Na5 Qg6 32. Nxc6 Qxg2+ 33. Ke1 Ra8
34. Qxb5 Ra2 35. Ne7+ Kf7 0-1

[Event "C.to Italiano U14"]
[Site "Montesilvano ITA"]
[Date "2015.07.03"]
[Round "7"]
[White "Kobal, Sasa"]
[Black "Di Benedetto, Edoardo"]
[WhiteElo "1808"]
[BlackElo "2231"]
[Result "0-1"]
[PlyCount "130"]
[EventDate "2015.06.29"]

1. e4 e6 2. d4 d5 3. e5 c5 4. c3 Qb6 5. a3 Bd7 6. Nf3 Bb5 7. Bxb5+ Qxb5 8. b4
cxd4 9. cxd4 Ne7 10. Nc3 Qd7 11. O-O Ng6 12. Be3 Be7 13. Rc1 O-O 14. Na4 b6 15.
Qc2 Re8 16. Rfd1 Bf8 17. Rd3 Na6 18. Bd2 Rac8 19. Rc3 Rxc3 20. Nxc3 Rc8 21. Qa4
Qxa4 22. Nxa4 Rxc1+ 23. Bxc1 f6 24. Kf1 Nb8 25. Ke2 Nd7 26. exf6 gxf6 27. Nc3
Bd6 28. g3 Kf7 29. Ne1 Ne7 30. Nb5 Bb8 31. f4 Nf5 32. Nf3 a6 33. Nc3 b5 34. Bb2
Nb6 35. Nd1 Nc4 36. Kd3 h5 37. Bc1 Bd6 38. Nd2 h4 39. g4 Nh6 40. g5 Nxd2 41.
Bxd2 Nf5 42. gxf6 Kxf6 43. Ne3 Bxf4 44. Nxd5+ exd5 45. Bxf4 h3 46. Be3 Kg6 47.
Bf4 Kh5 48. Be5 Kg4 49. Ke2 Nh4 50. Bg3 Nf3 51. Ke3 Ng5 52. Bf2 Ne4 53. Be1 Nd6
54. Bc3 Nc4+ 55. Kf2 Nxa3 56. Ke3 Nc4+ 57. Ke2 Nd6 58. Bb2 Nf5 59. Kd3 Kf3 60.
Bc1 Nd6 61. Bd2 Ne4 62. Be3 Nf2+ 63. Bxf2 Kxf2 64. Kd2 Kf3 65. Kd3 Kf4 0-1

[Event "C.to Italiano U14"]
[Site "Montesilvano ITA"]
[Date "2015.07.03"]
[Round "7"]
[White "Orfini, Nicolo'"]
[Black "Esposti, Federico"]
[WhiteElo "1964"]
[BlackElo "1888"]
[Result "1-0"]
[PlyCount "51"]
[EventDate "2015.06.29"]

1. e4 c5 2. Nf3 d6 3. g3 Nf6 4. d3 g6 5. Bg2 Bg7 6. O-O O-O 7. c3 Nc6 8. Nbd2
Rb8 9. a4 Bd7 10. Re1 Qc7 11. Qc2 Rfc8 12. Nf1 a6 13. Ne3 e6 14. Nd2 b5 15.
axb5 axb5 16. f4 Ne7 17. Nf3 Bc6 18. g4 Qb7 19. g5 Ne8 20. Ng4 Kh8 21. Qf2 b4
22. Bd2 b3 23. Be3 c4 24. Ra7 Qb5 25. dxc4 Qxc4 26. Nd2 1-0

[Event "C.to Italiano U14"]
[Site "Montesilvano ITA"]
[Date "2015.07.03"]
[Round "7"]
[White "Sonis, Francesco"]
[Black "Balzan, Alessandro"]
[WhiteElo "2241"]
[BlackElo "1949"]
[Result "0-1"]
[PlyCount "104"]
[EventDate "2015.06.29"]

1. Nf3 d5 2. c4 c6 3. g3 Bg4 4. Qb3 Bxf3 5. exf3 Qb6 6. cxd5 Qxb3 7. axb3 cxd5
8. Nc3 e6 9. Nb5 Kd7 10. Rxa7 Rxa7 11. Nxa7 Bc5 12. Nb5 Nc6 13. Be2 Nge7 14.
O-O Nf5 15. d3 Nfd4 16. Nxd4 Bxd4 17. b4 Nxb4 18. Bd2 Nc6 19. Ra1 Rb8 20. Ra2
b5 21. Bc3 Kd6 22. Ra6 Bxc3 23. bxc3 d4 24. cxd4 b4 25. Kf1 b3 26. Ra1 b2 27.
Rb1 Kd5 28. Ke1 Kxd4 29. Kd2 Ne5 30. f4 Nd7 31. Kc2 Nc5 32. Rxb2 Rxb2+ 33. Kxb2
Nxd3+ 34. Kc2 Nxf2 35. Kd2 f6 36. Bf3 h6 37. Ke2 Ne4 38. g4 g5 39. fxg5 fxg5
40. Bg2 Nf6 41. Kf3 e5 42. h4 e4+ 43. Kg3 Ke3 44. Bf1 Kd2 45. hxg5 hxg5 46. Bc4
e3 47. Kf3 Nd7 48. Ke4 Nc5+ 49. Kd4 e2 50. Bxe2 Kxe2 51. Ke5 Kf3 52. Kf5 Ne4
0-1

[Event "C.to Italiano U14"]
[Site "Montesilvano ITA"]
[Date "2015.07.04"]
[Round "8"]
[White "Balzan, Alessandro"]
[Black "Colombo, Roberto"]
[WhiteElo "1949"]
[BlackElo "1873"]
[Result "1/2-1/2"]
[PlyCount "91"]
[EventDate "2015.06.29"]

1. e4 c5 2. Nf3 e6 3. d4 cxd4 4. Nxd4 Nc6 5. Nc3 a6 6. Be3 Qc7 7. Be2 Nf6 8.
O-O Bb4 9. Na4 Be7 10. Nxc6 bxc6 11. Nb6 Rb8 12. Nxc8 Qxc8 13. e5 Nd5 14. Bc1
c5 15. a3 O-O 16. c4 Nb6 17. Bd3 g6 18. Bh6 Rd8 19. Qg4 d5 20. exd6 Rxd6 21.
Qe2 Rd8 22. Rab1 Bf6 23. b4 Na4 24. Qf3 Bg7 25. Bxg7 Kxg7 26. Bc2 Nb6 27. Qc3+
Kg8 28. Rfc1 cxb4 29. Rxb4 Qc5 30. Bd3 Rbc8 31. Rbb1 Rd4 32. Bf1 Rd6 33. Qb4
Qxb4 34. axb4 Rdc6 35. c5 Nd5 36. Bc4 Kg7 37. Bxd5 exd5 38. Kf1 Kf6 39. Ke2 a5
40. Kd3 axb4 41. Kd4 Re6 42. Kxd5 Re5+ 43. Kd4 Ke6 44. Rxb4 Rd5+ 45. Ke3 Rdxc5
46. Ke4 1/2-1/2

[Event "C.to Italiano U14"]
[Site "Montesilvano ITA"]
[Date "2015.07.04"]
[Round "8"]
[White "Di Benedetto, Edoardo"]
[Black "Savalla, Gianluca"]
[WhiteElo "2231"]
[BlackElo "1812"]
[Result "1-0"]
[PlyCount "93"]
[EventDate "2015.06.29"]

1. e4 d5 2. exd5 Qxd5 3. Nc3 Qd6 4. g3 Nf6 5. Bg2 Nc6 6. Nge2 Bf5 7. O-O O-O-O
8. d3 a6 9. a3 h5 10. h4 Ng4 11. b4 e6 12. Rb1 Ne7 13. Na4 b6 14. Nec3 Nd5 15.
Nxd5 exd5 16. Nc3 Be6 17. Bf4 Qc6 18. Qd2 Bd6 19. Ne2 Bxf4 20. Nxf4 Qd6 21. d4
Nf6 22. Qd3 b5 23. Rfe1 Rde8 24. Re5 c6 25. Nxe6 fxe6 26. Rbe1 Ng4 27. R5e2 Rh6
28. Bh3 Rf8 29. f4 Rff6 30. Bxg4 hxg4 31. Re5 Rfg6 32. R1e3 Kd7 33. f5 Rf6 34.
fxe6+ Rxe6 35. Qf5 Rhg6 36. Rxe6 Rxe6 37. Qxg4 Qe7 38. Kg2 Qf6 39. Rxe6 Qxe6
40. Qxe6+ Kxe6 41. Kf3 Kf5 42. g4+ Kf6 43. Kf4 g6 44. c3 Ke6 45. h5 Kf6 46.
hxg6 Kxg6 47. Ke5 1-0

[Event "C.to Italiano U14"]
[Site "Montesilvano ITA"]
[Date "2015.07.04"]
[Round "8"]
[White "Esposti, Federico"]
[Black "Lavorgna, Filippo"]
[WhiteElo "1888"]
[BlackElo "1767"]
[Result "1/2-1/2"]
[PlyCount "44"]
[EventDate "2015.06.29"]

1. e4 c6 2. d4 d5 3. Nc3 dxe4 4. Nxe4 Bf5 5. Ng3 Bg6 6. N1e2 Nf6 7. Nf4 e5 8.
Nxg6 hxg6 9. dxe5 Qa5+ 10. Bd2 Qxe5+ 11. Qe2 Nbd7 12. Qxe5+ Nxe5 13. Be2 O-O-O
14. h3 Bc5 15. Rd1 Rhe8 16. O-O Bd4 17. c3 Bb6 18. Bg5 Rxd1 19. Rxd1 Ned7 20.
Bc4 Ne5 21. Bb3 Rd8 22. Rxd8+ Kxd8 1/2-1/2

[Event "C.to Italiano U14"]
[Site "Montesilvano ITA"]
[Date "2015.07.04"]
[Round "8"]
[White "Iannello, Andrea"]
[Black "Sonis, Francesco"]
[WhiteElo "1985"]
[BlackElo "2241"]
[Result "0-1"]
[PlyCount "122"]
[EventDate "2015.06.29"]

1. e4 c5 2. Nf3 d6 3. d4 cxd4 4. Nxd4 Nf6 5. Nc3 a6 6. g3 e5 7. Nde2 b5 8. Bg2
Bb7 9. O-O Be7 10. h3 O-O 11. g4 Nbd7 12. Ng3 b4 13. Nd5 Nxd5 14. exd5 Re8 15.
Be3 Nb6 16. Nf5 Bf8 17. Qd3 Rc8 18. a3 Nc4 19. Qb3 Qd7 20. axb4 h5 21. Qa4 Qxa4
22. Rxa4 Nxb2 23. Ra2 Nc4 24. g5 g6 25. Ng3 Be7 26. h4 Rc7 27. Bc1 Nb6 28. Rd1
Rc4 29. b5 axb5 30. Bf1 Rxh4 31. Bxb5 Ra8 32. Rxa8+ Bxa8 33. Be3 Rb4 34. Bd3
Nxd5 35. Ra1 Bb7 36. Bd2 Rb2 37. Ne4 Nf4 38. Bxf4 exf4 39. Re1 Bd5 40. Nc3 Be6
41. Bxg6 fxg6 42. Rxe6 Kf7 43. Re2 Bxg5 44. Ne4 Be7 45. f3 d5 46. Nf2 Bc5 47.
Kg2 Bxf2 48. Kxf2 Kf6 49. Rd2 g5 50. Ke2 Ke5 51. Kd3 Rb5 52. Re2+ Kf6 53. Kd4
g4 54. Rh2 g3 55. Rh1 Kg5 56. Kd3 h4 57. Ke2 Rb2 58. Rd1 Rxc2+ 59. Kf1 h3 60.
Rxd5+ Kh4 61. Kg1 Rc1+ 0-1

[Event "C.to Italiano U14"]
[Site "Montesilvano ITA"]
[Date "2015.07.04"]
[Round "8"]
[White "Wang, Cesare"]
[Black "Orfini, Nicolo'"]
[WhiteElo "1920"]
[BlackElo "1964"]
[Result "1/2-1/2"]
[PlyCount "85"]
[EventDate "2015.06.29"]

1. d4 d6 2. c4 Nf6 3. Nc3 g6 4. f3 Bg7 5. e4 c6 6. Be3 a6 7. a4 a5 8. Nge2 Na6
9. Nc1 Nb4 10. Nd3 Nxd3+ 11. Bxd3 O-O 12. Qd2 Nd7 13. Bc2 Nb6 14. b3 Qc7 15.
Bh6 Nd7 16. g4 Qb6 17. O-O-O Qb4 18. Bxg7 Kxg7 19. Nb1 Rb8 20. Qxb4 axb4 21.
Bd3 e5 22. Be2 Re8 23. d5 Nc5 24. Kb2 Rd8 25. Nd2 Bd7 26. Nf1 Be8 27. Ne3 Ra8
28. Ra1 Ra5 29. Ra2 Kf6 30. Rha1 Bd7 31. Nc2 Na6 32. Rd1 c5 33. Ne3 Nc7 34. Rf1
g5 35. Rh1 h6 36. Bd1 Raa8 37. Kb1 Kg7 38. h4 Rh8 39. Rah2 f6 40. h5 Ra6 41.
Ra2 Rha8 42. Rhh2 R8a7 43. Rhg2 1/2-1/2

[Event "C.to Italiano U14"]
[Site "Montesilvano ITA"]
[Date "2015.07.05"]
[Round "9"]
[White "Botta, Massimiliano"]
[Black "Nordio, Giorgio"]
[WhiteElo "2031"]
[BlackElo "1890"]
[Result "1-0"]
[PlyCount "42"]
[EventDate "2015.06.29"]

1. e4 c6 2. d4 d5 3. f3 dxe4 4. fxe4 e5 5. Nf3 Bg4 6. Bc4 Nd7 7. O-O Ngf6 8. c3
Bd6 9. Be3 O-O 10. Nbd2 Qc7 11. Qc2 Rae8 12. Bd3 b5 13. h3 Be6 14. Nh4 Qb6 15.
Nf5 Bxf5 16. Rxf5 a5 17. Raf1 Kh8 18. Qd1 Re6 19. g4 g6 20. R5f3 Kg7 21. dxe5
Rh8 1-0

[Event "C.to Italiano U14"]
[Site "Montesilvano ITA"]
[Date "2015.07.05"]
[Round "9"]
[White "Colombo, Roberto"]
[Black "Di Benedetto, Edoardo"]
[WhiteElo "1873"]
[BlackElo "2231"]
[Result "1/2-1/2"]
[PlyCount "79"]
[EventDate "2015.06.29"]

1. e4 e6 2. d4 d5 3. Nc3 Nf6 4. Bg5 Bb4 5. e5 h6 6. exf6 hxg5 7. fxg7 Rg8 8. h4
gxh4 9. Nf3 Qf6 10. Rxh4 Qxg7 11. Qd3 Nc6 12. O-O-O Bd7 13. g3 O-O-O 14. a3 Be7
15. Rh7 Qf6 16. Bg2 Rh8 17. Rdh1 Rxh7 18. Rxh7 Rh8 19. Rxh8+ Qxh8 20. Kb1 Bf6
21. Ne2 a6 22. Qe3 Ne7 23. g4 Bb5 24. Nc3 Be8 25. Ne2 Kb8 26. Ng3 Nc6 27. Ne2
Na5 28. Qf4 Nc4 29. Nc1 Be7 30. Nd3 Bd6 31. Qg5 f6 32. Qh4 Qf8 33. g5 Be7 34.
gxf6 Bxf6 35. Qf4 Qg7 36. Bh3 Bh5 37. Nde5 Bxe5 38. Nxe5 Nxe5 39. dxe5 Bf7 40.
Qg3 1/2-1/2

[Event "C.to Italiano U14"]
[Site "Montesilvano ITA"]
[Date "2015.07.05"]
[Round "9"]
[White "Orfini, Nicolo'"]
[Black "Sonis, Francesco"]
[WhiteElo "1964"]
[BlackElo "2241"]
[Result "0-1"]
[PlyCount "64"]
[EventDate "2015.06.29"]

1. e4 e6 2. d3 d5 3. Nd2 c5 4. Ngf3 Nc6 5. g3 Bd6 6. Bg2 Nge7 7. O-O O-O 8. Re1
f6 9. c3 d4 10. Nc4 e5 11. Qb3 Kh8 12. Nh4 Rb8 13. a4 Be6 14. Qc2 a6 15. f4 b5
16. Nxd6 Qxd6 17. f5 Bf7 18. g4 dxc3 19. bxc3 b4 20. Bb2 bxc3 21. Bxc3 Nb4 22.
Qd2 Nxd3 23. Bf1 c4 24. Re3 Rfd8 25. Rd1 Qc5 26. Ng2 Nc6 27. Bxd3 Rxd3 28. Qe1
Nd4 29. Bxd4 Qxd4 30. Rdxd3 cxd3 31. Qd1 d2 32. Kf2 Bb3 0-1

[Event "C.to Italiano U14"]
[Site "Montesilvano ITA"]
[Date "2015.07.05"]
[Round "9"]
[White "Palozza, Christian"]
[Black "Sonis, Luca"]
[WhiteElo "1971"]
[BlackElo "1798"]
[Result "1-0"]
[PlyCount "99"]
[EventDate "2015.06.29"]

1. d4 d5 2. Nc3 Nf6 3. Bg5 e6 4. e4 dxe4 5. Nxe4 Be7 6. Bxf6 Bxf6 7. Nf3 Nc6 8.
Bb5 Bd7 9. c3 O-O 10. O-O Be7 11. Qd2 a6 12. Bd3 f5 13. Ng3 Kh8 14. Rfe1 Bd6
15. Ne5 f4 16. Nxd7 Qxd7 17. Ne4 f3 18. g3 h6 19. Nxd6 cxd6 20. Qe3 Rf6 21. Qe4
g5 22. Qg4 Qf7 23. Bc4 d5 24. Bb3 Rg8 25. Rad1 Ne7 26. Bc2 Nf5 27. Re5 h5 28.
Qh3 g4 29. Qf1 Rgg6 30. Rde1 Rh6 31. Bxf5 Rxf5 32. h4 Rhf6 33. Qd3 Rxe5 34.
Rxe5 Rf5 35. Re1 Rf6 36. c4 Rf5 37. c5 Kg7 38. b4 Qd7 39. Qb3 Kf7 40. a4 Qc7
41. Qe3 Qe7 42. b5 axb5 43. axb5 Qd7 44. Qh6 Ke7 45. Qg6 Rf6 46. Qxh5 Qxb5 47.
Qxd5 Qb4 48. Qe4 b6 49. Rb1 Qc3 50. cxb6 1-0

[Event "C.to Italiano U14"]
[Site "Montesilvano ITA"]
[Date "2015.07.05"]
[Round "9"]
[White "Wang, Cesare"]
[Black "Balzan, Alessandro"]
[WhiteElo "1920"]
[BlackElo "1949"]
[Result "1/2-1/2"]
[PlyCount "73"]
[EventDate "2015.06.29"]

1. d4 d5 2. c4 e6 3. Nf3 a6 4. g3 dxc4 5. Bg2 c5 6. O-O cxd4 7. Qxd4 Qxd4 8.
Nxd4 Bc5 9. Be3 Ne7 10. Nd2 c3 11. bxc3 Nd7 12. Rab1 Rb8 13. Ne4 b6 14. Nxc5
bxc5 15. Nc6 Rxb1 16. Rxb1 Nd5 17. Bd2 f6 18. Na7 Ke7 19. Bf1 f5 20. e3 Ne5 21.
Nxc8+ Rxc8 22. Kg2 c4 23. f3 h6 24. Kf2 Rc6 25. h3 Rc7 26. e4 fxe4 27. fxe4 Nf6
28. Ke3 Rc5 29. Rb4 Nfd7 30. Bc1 Ra5 31. a3 Rb5 32. a4 Rc5 33. Ba3 Kf6 34. Be2
g6 35. Rb7 Ra5 36. Rb4 Rc5 37. Rb7 1/2-1/2

[Event "C.to Italiano U12"]
[Site "Montesilvano ITA"]
[Date "2015.07.01"]
[Round "3"]
[White "Bettalli, Francesco"]
[Black "Lumachi, Gabriele"]
[WhiteElo "1889"]
[BlackElo "1523"]
[Result "1-0"]
[PlyCount "59"]
[EventDate "2015.06.29"]

1. d4 e6 2. c4 Nf6 3. Nf3 d5 4. e3 c6 5. Bd3 dxc4 6. Bxc4 Be7 7. O-O Nbd7 8.
Nc3 Nb6 9. Bd3 c5 10. dxc5 Bxc5 11. Qc2 Bd7 12. Nb5 Rc8 13. Nxa7 Rc7 14. Nb5
Bxb5 15. Bxb5+ Nbd7 16. Qe2 O-O 17. Rd1 Qe7 18. e4 Ng4 19. Rf1 Rfc8 20. Bf4 e5
21. Bg3 Bb6 22. Bxd7 Qxd7 23. Nxe5 Nxe5 24. Bxe5 Rc2 25. Qf3 Qd2 26. Bc3 Qe2
27. Qg3 f6 28. Rae1 R8xc3 29. bxc3 Bxf2+ 30. Qxf2 1-0

[Event "C.to Italiano U12"]
[Site "Montesilvano ITA"]
[Date "2015.07.01"]
[Round "3"]
[White "Cordini, Niccolo'"]
[Black "Orlandini, Andrea"]
[WhiteElo "1510"]
[BlackElo "1757"]
[Result "0-1"]
[PlyCount "96"]
[EventDate "2015.06.29"]

1. e4 c5 2. d4 cxd4 3. c3 dxc3 4. Nxc3 d6 5. Nf3 Nc6 6. Bc4 e6 7. O-O Be7 8.
Re1 Nf6 9. e5 dxe5 10. Qxd8+ Bxd8 11. Nxe5 Nxe5 12. Rxe5 O-O 13. Re2 Bd7 14. b3
Rc8 15. Ba3 Re8 16. Nb5 Be7 17. Bxe7 Rxe7 18. Nxa7 Rc5 19. a4 Re8 20. Nb5 Ra8
21. Raa2 h6 22. h3 Bxb5 23. Bxb5 Nd5 24. Rac2 Rac8 25. Rxc5 Rxc5 26. Bc4 Kf8
27. Kf1 Ke7 28. Ke1 Nb6 29. Rc2 Nxc4 30. Rxc4 Rxc4 31. bxc4 Kd6 32. Kd2 Kc5 33.
Kc3 b6 34. g3 e5 35. f3 f5 36. g4 g6 37. Kb3 fxg4 38. hxg4 h5 39. Kc3 h4 40.
Kd3 h3 41. Ke4 h2 42. Kxe5 h1=Q 43. Kf4 Kxc4 44. Ke3 Kd5 45. Kf4 Qh4 46. Ke3
Qg3 47. Ke2 Kd4 48. g5 Qg2+ 0-1

[Event "C.to Italiano U12"]
[Site "Montesilvano ITA"]
[Date "2015.07.01"]
[Round "3"]
[White "Russo, Leonardo"]
[Black "Tripodi, Enzo"]
[WhiteElo "1746"]
[BlackElo "1503"]
[Result "0-1"]
[PlyCount "100"]
[EventDate "2015.06.29"]

1. e4 e5 2. Nf3 Nc6 3. c3 Nf6 4. d4 exd4 5. e5 Nd5 6. cxd4 d6 7. Bb5 Bd7 8. O-O
Be7 9. Re1 O-O 10. Bc4 Nb6 11. Bb3 Bg4 12. exd6 Bxd6 13. Be3 Qf6 14. Nc3 Bxf3
15. Qxf3 Qxf3 16. gxf3 Na5 17. Bc2 Nac4 18. Rab1 Rfe8 19. Be4 c6 20. b3 Nxe3
21. fxe3 Bb4 22. Rbc1 g6 23. Re2 Rac8 24. Kf2 Bxc3 25. Rxc3 f5 26. Bd3 Nd5 27.
Bc4 Kg7 28. Bxd5 cxd5 29. Rec2 Rxc3 30. Rxc3 Re7 31. Rc8 Rd7 32. Kg3 Kf6 33. h4
Re7 34. Kf4 h6 35. Rf8+ Kg7 36. Rd8 Kf6 37. Rxd5 g5+ 38. hxg5+ hxg5+ 39. Kg3
Rxe3 40. Rd7 g4 41. Rxb7 Rxf3+ 42. Kg2 Rd3 43. Rxa7 Rxd4 44. a4 Rb4 45. a5 Rxb3
46. Ra8 Ra3 47. a6 Ke5 48. a7 Kf4 49. Kg1 Kf3 50. Rf8 Ra1+ 0-1

[Event "C.to Italiano U12"]
[Site "Montesilvano ITA"]
[Date "2015.07.01"]
[Round "4"]
[White "Della Peruta, Lorenzo"]
[Black "Bettalli, Francesco"]
[WhiteElo "1608"]
[BlackElo "1889"]
[Result "1/2-1/2"]
[PlyCount "74"]
[EventDate "2015.06.29"]

1. e4 c5 2. c3 d5 3. exd5 Qxd5 4. d4 Nc6 5. Nf3 Bg4 6. Be2 e6 7. Be3 cxd4 8.
cxd4 Nf6 9. Nc3 Qd6 10. O-O Be7 11. Qd2 O-O 12. Rac1 Rac8 13. Rfd1 Rfd8 14. Bf4
Qd7 15. Qe3 Bxf3 16. Bxf3 Nb4 17. Qe5 Ne8 18. Qe4 Nc6 19. Be3 Nd6 20. Qd3 Nb4
21. Qe2 Nf5 22. a3 Nc6 23. d5 Ne5 24. dxe6 Qxe6 25. Bxb7 Rb8 26. Bd5 Qf6 27.
Bxa7 Rbc8 28. Ne4 Qg6 29. Rxc8 Rxc8 30. Ng3 Nxg3 31. hxg3 Bd6 32. Be4 Qe6 33.
Qd2 Bf8 34. Rc1 Nc4 35. Qe1 Nxb2 36. Rxc8 Qxc8 37. Qb1 Bxa3 1/2-1/2

[Event "C.to Italiano U12"]
[Site "Montesilvano ITA"]
[Date "2015.07.01"]
[Round "4"]
[White "Lupi, Matthew"]
[Black "Zenere, Gabriele"]
[WhiteElo "1582"]
[BlackElo "1729"]
[Result "1/2-1/2"]
[PlyCount "40"]
[EventDate "2015.06.29"]

1. e4 c5 2. Nf3 Nc6 3. Bc4 g6 4. O-O Bg7 5. c3 Qc7 6. d4 cxd4 7. cxd4 Nxd4 8.
Bxf7+ Kxf7 9. Nxd4 Qe5 10. Nf3 Qc7 11. Qb3+ e6 12. Ng5+ Ke8 13. Qf3 Nf6 14. Bf4
e5 15. Rc1 Qa5 16. b4 Qxb4 17. Bxe5 Qe7 18. Qc3 d6 19. Bd4 Bd7 20. Nd2 Rc8
1/2-1/2

[Event "C.to Italiano U12"]
[Site "Montesilvano ITA"]
[Date "2015.07.01"]
[Round "4"]
[White "Orlandini, Andrea"]
[Black "Sunder, Matteo"]
[WhiteElo "1757"]
[BlackElo "1607"]
[Result "1-0"]
[PlyCount "97"]
[EventDate "2015.06.29"]

1. e4 c5 2. Nf3 d6 3. d4 cxd4 4. Nxd4 Nf6 5. Nc3 a6 6. Bg5 e5 7. Nb3 Nbd7 8.
Qd2 Be7 9. O-O-O b5 10. a3 Bb7 11. f3 h6 12. Be3 Qc7 13. Be2 Nc5 14. Kb1 Nxb3
15. cxb3 Rd8 16. Rc1 Qb8 17. Nd5 Nxd5 18. exd5 Rc8 19. Rxc8+ Qxc8 20. Rc1 Qd8
21. Qb4 O-O 22. Rd1 Bg5 23. Bxg5 Qxg5 24. Bf1 Qe7 25. g3 Qc7 26. Qc3 Qxc3 27.
bxc3 Rc8 28. c4 f5 29. Bd3 bxc4 30. bxc4 f4 31. gxf4 exf4 32. Re1 Rf8 33. Re6
Rf6 34. Re7 Bc8 35. Rc7 Bh3 36. Rc6 g5 37. c5 g4 38. fxg4 Bxg4 39. Rxd6 Rf8 40.
Rg6+ Kh8 41. Rxg4 f3 42. Rg1 Re8 43. d6 f2 44. Rc1 Kg7 45. d7 Rd8 46. c6 Kf7
47. c7 Rxd7 48. Bc4+ Ke7 49. c8=Q 1-0